000 01971cam a22005774i 4500
003 PE-LiUPU
005 20250731170432.0
008 150623s r 000 0 d
020 _a0310230152
035 _a(Sirsi) i9780310230151
040 _aPE-LiUPU
_bspa
_cPE-LiUPU
_erda
049 _aPRUA
082 0 4 _a170
_bR15
_221
100 1 _aScott B., Rae,
_eautor.
245 1 0 _aMoral choices :
_ban introduction to ethichs /
_cScott B. Rae.
264 1 _aMichigan :
_bZondervan Publishing House,
_c2000.
300 _a281 páginas ;
_c24 centímetros
336 _atext
_2rdacontent
337 _aunmediated
_2rdamedia
338 _avolume
_2rdacarrier
504 _aIncluye bibliografía al pie de página.
505 0 _aIntroduction: why study ethics?. -Christian ethics. -Major figures in the history of ethics. -Ethical systems and ways of moral reasoning. -Making ethical decisions. -Abortion. -Reproductive technologies. -Euthanasia. -Capital punishment. -Sexual ethics. -The morallity of war. -Legislating morlity.
526 _aSEG68
526 _aSEG70
526 _aSEG69
526 _aSEG67
526 _aSEG43
526 _aP144
526 _aP143
526 _aP131
526 _aP122
526 _aP120
526 _aP117
526 _aP112
526 _aP110
526 _aP106
526 _aP101
526 _aP80
526 _aP59
526 _aP54
526 _aP35
526 _aP33
526 _aP30
650 0 4 _aÉtica
_xIntroducciones.
942 _2ddc
_cBOOK
949 _a170 R15
_wDEWEY
_c1
_i54236
_lCCODEBUL1
_mBUL
_p28.00
_r0
_sY
_tBOOK
_u2015-6-24
_xTEOLOGIA
_PP35
_0COMPRA
_o.STAFF. Colección General
994 _aC0
_bPEPRU
596 _a1
999 _a170 R15
_wDEWEY
_c35137
_i54236
_f2021-11-4
_g5
_lCCODEBUL1
_mBUL
_p28.00
_r0
_sY
_tBOOK
_u2015-6-24
_xBIBLIOTECA
_PP35
_0COMPRA
_o.STAFF. Colección General
_d35137
980 _81
_gALBERTO SANCHEZ Responsable de Automatización